Mastering C++ (Record no. 2806)

MARC details
000 -LEADER
fixed length control field 00245nam a2200109Ia 4500
003 - CONTROL NUMBER IDENTIFIER
control field OSt
008 - FIXED-LENGTH DATA ELEMENTS--GENERAL INFORMATION
fixed length control field 201029b ||||| |||| 00| 0 eng d
100 ## - MAIN ENTRY--PERSONAL NAME
Personal name VENUGOPAL, K R.
245 ## - TITLE STATEMENT
Title Mastering C++
260 ## - PUBLICATION, DISTRIBUTION, ETC. (IMPRINT)
Place of publication, distribution, etc N.Delhi
Name of publisher, distributor, etc TMH
Date of publication, distribution, etc 2005
942 ## - ADDED ENTRY ELEMENTS (KOHA)
Source of classification or shelving scheme Dewey Decimal Classification
Koha item type Text Books
Holdings
Withdrawn status Lost status Source of classification or shelving scheme Damaged status Not for loan Collection code Home library Current library Date acquired Source of acquisition Cost, normal purchase price Bill Number Total Checkouts Full call number Acc. no. / Barcode Date last seen Bill Date Koha item type Date last borrowed Checked out Public note
    Dewey Decimal Classification     B.Tech(CSE) PIET C-LIBRARY PIET C-LIBRARY 15/08/2006 M/s UBS, Delhi 250.00 125382   005.133 VEM 2284 04/12/2019 22/08/2005 Text Books      
    Dewey Decimal Classification     B.Tech(CSE) PIET C-LIBRARY PIET C-LIBRARY 15/08/2006 M/s UBS, Delhi 250.00 125382 2 005.133 VEM 2285 01/09/2025 22/08/2005 Text Books 19/08/2025    
    Dewey Decimal Classification     B.Tech(CSE) PIET C-LIBRARY PIET C-LIBRARY 18/08/2006 M/s UBS, Delhi 250.00 125382 8 005.133 VEM 2415 25/08/2025 22/08/2005 Text Books 14/08/2025    
    Dewey Decimal Classification     B.Tech(IT) PIET C-LIBRARY PIET C-LIBRARY 18/08/2007 J B C, New Delhi 275.00 700 1 005.133 VEM 6194 27/10/2020 28/07/2007 Text Books 27/10/2020 10/11/2020  
    Dewey Decimal Classification     B.Tech(IT) PIET C-LIBRARY PIET C-LIBRARY 18/08/2007 J B C, New Delhi 275.00 700   005.133 VEM 6195 04/12/2019 28/07/2007 Text Books      
    Dewey Decimal Classification     B.Tech(IT) PIET C-LIBRARY PIET C-LIBRARY 18/08/2007 J B C, New Delhi 275.00 700 3 005.133 VEM 6196 25/05/2023 28/07/2007 Text Books 23/05/2023    
    Dewey Decimal Classification     B.Tech(IT) PIET C-LIBRARY PIET C-LIBRARY 18/08/2007 J B C, New Delhi 275.00 700 2 005.133 VEM 6197 09/06/2025 28/07/2007 Text Books 29/05/2025    
    Dewey Decimal Classification     B.Tech(IT) PIET C-LIBRARY PIET C-LIBRARY 06/05/2013   0.00 Donated by Registrar L.R.Baweja   005.133 VEM 21478 04/12/2019 06/05/2013 Text Books     Donated by Registrar L.R.Baweja

Design & Developed by: PIET Central Library
R70 Miles Stone Pattikalyana Samalkha Panipat 132102
mail ID :- [email protected], Phone No:- 0180-2569700 Ex.216